=LDR 00000nam 2200000 4500 =001 INLIS000000000046691 =005 20150422144444.0 =006 =007 =008 =020 ##$$a 979-98397-1-8 =035 ##$$0010-041500000000173 =082 ##$$a 420-Rt-c-t =100 ##$$a Rachmat Effendi P =245 ##$$a TO BE AN EFFECTIVE ENGLISH TEACHER WITHIN TWO DAYS =260 ##$$a Jakarta $b Yayasan Bina Edukasi dan Konsultasi Hapsa et Sudia $c 2005 =300 ##$$a vii,90 Hlm $c 25 Cm =990 ##$$a 0001/BPAP-NTB/20142015